| 000 | 00805nam a22002537a 4500 | ||
|---|---|---|---|
| 003 | OSt | ||
| 005 | 20250709051229.0 | ||
| 008 | 250709b |||||||| |||| 00| 0 eng d | ||
| 020 | _a9786214061037 | ||
| 040 |
_aDWCL - Main lib _cOC |
||
| 082 | _aFil. 150.151 P974 2017 | ||
| 100 | _aLambojon, Francisco M. Jr. | ||
| 245 |
_aPsychological statistics/ _cFrancisco M. Lambojon Jr. |
||
| 260 |
_aManila : _bMindshapers Co., _c c2017. |
||
| 300 |
_aviii, 268 pages _billustrations ; _c26 cm. |
||
| 504 | _aIncludes bibliographical references. | ||
| 650 | _a1. Psychology- statistical methods. | ||
| 650 | _a2. psychometrics | ||
| 700 | _aKaren Gail C. Ibañez | ||
| 700 | _aAnaliza F. Arcega | ||
| 700 | _aRyan B. Coroña | ||
| 700 | _aJoseph C. Francisco | ||
| 942 |
_2ddc _cBK - FIL _kFil. _n0 |
||
| 999 |
_c3526 _d3526 |
||